000 00317nam a22001337a 4500
008 171003b xxu||||| |||| 00| 0 eng d
020 _a9780534505844
041 _aeng
080 _27TH
_a159.9
100 _a48
101 _aPSI
245 _aSTUDY GUIDE FOR EXPERIMENTAL PSYCHOLOGY
_cCORTESE,M.J
942 _2udc
_cBK
999 _c31370
_d31370